Chuyện lạ xưa nay (Kim cổ Kỳ Văn)

Shranjeno v:
Bibliografske podrobnosti
Glavni avtor: Đông, Bích Sơn Phòng
Format: Knjiga
Jezik:Undetermined
Izdano: Hà Nội Công an Nhân dân 2004
Teme:
Oznake: Označite
Brez oznak, prvi označite!
Thư viện lưu trữ: Trung tâm Học liệu Trường Đại học Cần Thơ
LEADER 00667nam a2200205Ia 4500
001 CTU_73865
008 210402s9999 xx 000 0 und d
020 |b 64000 
082 |a 895.109 
082 |b Ph431 
100 |a Đông, Bích Sơn Phòng 
245 0 |a Chuyện lạ xưa nay (Kim cổ Kỳ Văn) 
245 0 |c Đông Bích Sơn Phòng ; Lê Văn Đình, Mai Ngọc Thanh (dịch) 
260 |a Hà Nội 
260 |b Công an Nhân dân 
260 |c 2004 
650 |a Chinese fiction,Chinese literature 
650 |x History and criticism 
904 |i mai Loan, QHieu 
980 |a Trung tâm Học liệu Trường Đại học Cần Thơ